Every Song by Noel Gallagher's High Flying Birds - Statistics

General Stats
  • This quiz has been taken 47 times
    46 since last reset
  • The average score is 31 of 65
Answer Stats
Album Song % Correct
Noel Gallagher's High Flying Birds(2011) If I Had a Gun...
92%
Council Skies(2023) Council Skies
83%
Noel Gallagher's High Flying Birds(2011) AKA... Broken Arrow
81%
Noel Gallagher's High Flying Birds(2011) AKA... What a Life!
81%
Noel Gallagher's High Flying Birds(2011) The Death of You and Me
81%
Chasing Yesterday(2015) In the Heat of the Moment
78%
Noel Gallagher's High Flying Birds(2011) Dream On
75%
Noel Gallagher's High Flying Birds(2011) Everybody's on the Run
72%
Council Skies(2023) Pretty Boy
72%
Chasing Yesterday(2015) Riverman
69%
Who Built the Moon?(Bonus)(2017) Dead in the Water
67%
Chasing Yesterday(2015) The Dying of the Light
67%
Chasing Yesterday(2015) Ballad of the Mighty I
64%
Black Star Dancing(2019) Black Star Dancing
64%
Who Built the Moon?(2017) Holy Mountain
64%
Noel Gallagher's High Flying Birds(2011) Stop the Clocks
64%
Blue Moon Rising(2020) Blue Moon Rising
61%
Chasing Yesterday(2015) Lock All the Doors
61%
Chasing Yesterday(2015) You Know We Can't Go Back
61%
Noel Gallagher's High Flying Birds(2011) (Stranded on) The Wrong Beach
58%
Chasing Yesterday(2015) The Mexican
58%
Back the Way We Came: Vol. 1 (2011–2021)(2021) We're on Our Way Now
58%
Council Skies(2023) Dead to the World
56%
Council Skies(2023) Easy Now
56%
Noel Gallagher's High Flying Birds(2011) (I Wanna Live in a Dream in My) Record Machine
56%
This Is the Place(2019) This Is the Place
56%
Noel Gallagher's High Flying Birds(2011) Soldier Boys and Jesus Freaks
53%
Council Skies(Bonus)(2023) We're Gonna Get There In the End
53%
Back the Way We Came: Vol. 1 (2011–2021)(2021) Flying on the Ground
50%
Who Built the Moon?(2017) It's a Beautiful World
50%
Chasing Yesterday(2015) While the Song Remains the Same
50%
Who Built the Moon?(2017) Fort Knox
47%
Chasing Yesterday(2015) The Girl with X-Ray Eyes
47%
Chasing Yesterday(2015) The Right Stuff
47%
Chasing Yesterday(Bonus)(2015) Freaky Teeth
44%
Chasing Yesterday(Bonus)(2015) Do the Damage
42%
Council Skies(2023) I'm Not Giving Up Tonight
42%
Council Skies(2023) Open the Door, See What You Find
42%
Who Built the Moon?(2017) She Taught Me How to Fly
42%
Who Built the Moon?(2017) The Man Who Built the Moon
42%
Council Skies(2023) Think of a Number
42%
Black Star Dancing(2019) Sail On
39%
Who Built the Moon?(2017) Black & White Sunshine
36%
Who Built the Moon?(2017) End Credits (Wednesday Part 2)
36%
Who Built the Moon?(2017) Interlude (Wednesday Part 1)
36%
Chasing Yesterday(Bonus)(2015) Leave My Guitar Alone
36%
Chasing Yesterday(Bonus)(2015) Revolution Song
36%
Noel Gallagher's High Flying Birds(Bonus)(2011) Alone on the Rope
33%
Who Built the Moon?(2017) If Love Is the Law
33%
Who Built the Moon?(2017) Keep on Reaching
33%
Who Built the Moon?(2017) Be Careful What You Wish For
31%
Black Star Dancing(2019) Rattling Rose
31%
Council Skies(2023) There She Blows!
31%
This Is the Place(2019) A Dream Is All I Need to Get By
28%
Blue Moon Rising(2020) Come On Outside
28%
Council Skies(2023) Love Is a Rich Man
28%
Songs from the Great White North...(2012) Shoot a Hole into the Sun
28%
Blue Moon Rising(2020) Wandering Star
28%
Noel Gallagher's High Flying Birds(Bonus)(2011) A Simple Game of Genius
25%
Songs from the Great White North...(2012) I'd Pick You Every Time
22%
This Is the Place(2019) Evil Flower
22%
Noel Gallagher's High Flying Birds(Bonus)(2011) The Good Rebel
22%
Who Built the Moon?(Bonus)(2017) God Help Us All
19%
Noel Gallagher's High Flying Birds(Bonus)(2011) Let the Lord Shine a Light on Me
14%
Council Skies(2023) Trying to Find a World That's Been and Gone: Part 1
14%
No matching quizzes found
Score Distribution
Percent of People with Each Score
Percentile by Number Answered
Your Score History
You have not taken this quiz since the last reset